Plagas y enfermedades de jardines / (Registro nro. 62574)
[ vista simple ]
| 000 -LEADER | |
|---|---|
| fixed length control field | 00693nam a2200217 a 4500 |
| 001 - CONTROL NUMBER | |
| control field | 62574 |
| 005 - DATE AND TIME OF LATEST TRANSACTION | |
| control field | 20180714064641.0 |
| 008 - FIXED-LENGTH DATA ELEMENTS--GENERAL INFORMATION | |
| fixed length control field | 150515s2004 sp a r 000 0 spa d |
| 020 ## - INTERNATIONAL STANDARD BOOK NUMBER | |
| International Standard Book Number | 978-84-8476-178-5 |
| 041 ## - LANGUAGE CODE | |
| Language code of text/sound track or separate title | spa |
| 082 0# - DEWEY DECIMAL CLASSIFICATION NUMBER | |
| Classification number | 635.9879 |
| Item number | VIL |
| 100 1# - MAIN ENTRY--PERSONAL NAME | |
| Personal name | Villalva Quintana, Sonia |
| Relator term | autor |
| 245 10 - TITLE STATEMENT | |
| Title | Plagas y enfermedades de jardines / |
| Statement of responsibility, etc. | Sonia Villalva Quintana. |
| 250 ## - EDITION STATEMENT | |
| Edition statement | Tercera edición |
| 264 #1 - PRODUCTION, PUBLICATION, DISTRIBUTION, MANUFACTURE, AND COPYRIGHT NOTICE | |
| Place of production, publication, distribution, manufacture | España : |
| Name of producer, publisher, distributor, manufacturer | Ediciones Mundi.Prensa, |
| Date of production, publication, distribution, manufacture, or copyright notice | 2004 |
| 300 ## - PHYSICAL DESCRIPTION | |
| Extent | 366 páginas : |
| Other physical details | ilustraciones ; |
| Dimensions | 24 cm. |
| 336 ## - CONTENT TYPE | |
| Content type term | texto |
| Source | rdacontent |
| 337 ## - MEDIA TYPE | |
| Media type term | sin mediación |
| Source | rdamedia |
| 338 ## - CARRIER TYPE | |
| Carrier type term | volumen |
| Source | rdacarrier |
| 650 #4 - SUBJECT ADDED ENTRY--TOPICAL TERM | |
| Topical term or geographic name entry element | Jardines |
| General subdivision | Enfermedades y plagas |
| Withdrawn status | Lost status | Source of classification or shelving scheme | Damaged status | Not for loan | Collection code | Home library | Current library | Shelving location | Date acquired | Source of acquisition | Inventory number | Total Checkouts | Full call number | Barcode | Date last seen | Date last checked out | Price effective from | Koha item type |
|---|---|---|---|---|---|---|---|---|---|---|---|---|---|---|---|---|---|---|
| Dewey Decimal Classification | General | Biblioteca Karol Wojtyla | Biblioteca Karol Wojtyla | Sala general | 15/05/2015 | Compra | 151000000000000000011723 | 4 | 635.9879 VIL 2004 | 93905 | 05/01/2026 | 12/03/2020 | 23/09/2015 | Libro |